無料特急が停車する駅サドンデス - Statistics

General Stats
  • This quiz has been taken 772 times
  • The average score is 4 of 20
Answers on the Grid
Answers color-coded by a green-red scale on the quiz's grid according to % correct below.
ユーカリが丘
東成田
白井
成田湯川
青物横丁
京急鶴見
逗子・葉山
浦賀
笹塚
千歳烏山
京王片倉
多摩境
多摩川
日吉(神奈川)
西谷
湘南台
甚目寺
弥富
犬山遊園
新可児
寝屋川市
香里園
清水五条
中之島
大宮(京都)
淡路
塚口(阪急)
花隈
武庫川
今津(兵庫)
芦屋
御影(阪神)
滝の茶屋
別府(兵庫)
大津町
津ノ森
春日原
小郡
宮の陣
新栄町(福岡)
 
Answer Stats
Answer % Correct
東成田
44%
青物横丁
41%
千歳烏山
34%
笹塚
32%
浦賀
31%
西谷
30%
犬山遊園
26%
淡路
25%
逗子・葉山
24%
湘南台
24%
御影(阪神)
21%
京王片倉
20%
花隈
17%
芦屋
17%
新栄町(福岡)
14%
白井
13%
甚目寺
9%
別府(兵庫)
9%
春日原
9%
大津町
1%
No matching quizzes found
Score Distribution
Percent of People with Each Score
Percentile by Number Answered
Your Score History
You have not taken this quiz